Vplyv finančnej krízy na spokojnosť bankových klientov vo vybraných krajinách Európy
Globálny i európsky bankový trh prešiel v posledných rokoch, predovšetkým v období po roku 2007 obdobím obrovskej neistoty a zmätku. V roku 2007 dosahovali bankové inštitúcie rekordné zisky. Po nástupe hospodárskej krízy sa stal bankový sektor predmetom verejnej kontroly, keďže bol v prípade mnohých...
Salvato in:
| Autore principale: | |
|---|---|
| Natura: | Capitolo di libro |
| Lingua: | slovacco |
| Soggetti: | |
| Tags: |
Nessun Tag, puoi essere il primo ad aggiungerne!!
|
MARC
| LEADER | 00000nla a2200000 4500 | ||
|---|---|---|---|
| 001 | 0205486 | ||
| 005 | 20240502073425.6 | ||
| 041 | 0 | |a slo | |
| 044 | |a SK | ||
| 245 | 1 | 0 | |a Vplyv finančnej krízy na spokojnosť bankových klientov vo vybraných krajinách Európy |c Ali Assad |
| 520 | |a Globálny i európsky bankový trh prešiel v posledných rokoch, predovšetkým v období po roku 2007 obdobím obrovskej neistoty a zmätku. V roku 2007 dosahovali bankové inštitúcie rekordné zisky. Po nástupe hospodárskej krízy sa stal bankový sektor predmetom verejnej kontroly, keďže bol v prípade mnohých krajín financovaný i z prostriedkov daňových poplatníkov. Vplyv bankových klientov na podnikateľskú činnosť bánk je nepopierateľný a i z pohľadu banky ako podnikateľského subjektu je nevyhnutné zamerať sa na aspekty, ktoré ovplyvňujú počet klientov a ich spokojnosť. | ||
| 610 | 2 | 0 | |a kríza finančná |
| 610 | 2 | 0 | |a Európa |
| 610 | 2 | 0 | |a služby finančné |
| 610 | 2 | 0 | |a banky |
| 610 | 2 | 0 | |a spokojnosť zákazníkov |
| 100 | 1 | |a Assad, Ali | |